Rovnováha a nerovnováha v ekonomickej teórii

Salvato in:
Dettagli Bibliografici
Autore principale: Přívarová, Magdaléna, 1955-
Natura: Libro
Lingua:slovacco
Pubblicazione: Bratislava IURA EDITION 2001
Serie:Ekonómia
Makroekonómia 6
Soggetti:
Tags: Aggiungi Tag
Nessun Tag, puoi essere il primo ad aggiungerne!!

MARC

LEADER 00000nam a2200000 4500
001 c124299
005 20221124103801.6
020 |a 80-88715-96-2 
041 0 |a slo 
044 |a SK 
245 1 0 |a Rovnováha a nerovnováha v ekonomickej teórii  |c Magdaléna Přívarová 
264 1 |a Bratislava  |b IURA EDITION  |c 2001 
300 |a 110 s. 
490 1 |a Ekonómia 
830 0 |a Ekonómia 
490 1 |a Makroekonómia 6 
830 0 |a Makroekonómia 6 
610 2 0 |a rovnováha hospodárska 
610 2 0 |a nerovnováha hospodárska 
610 2 0 |a peniaze 
610 2 0 |a trh 
610 2 0 |a nezamestnanosť 
610 2 0 |a politika zamestnanosti 
610 2 0 |a politika hospodárska 
610 2 0 |a hospodárstvo otvorené 
100 1 |a Přívarová, Magdaléna, 1955-